Mineral resources of the Cockscomb and Wahweap wilderness study areas, Kane County, Utah /
| Main Author: | |
|---|---|
| Format: | Government Document eBook |
| Language: | English |
| Published: |
[Reston, Va.] :
Department of the Interior, U.S. Geological Survey,
1990.
|
| Series: | Mineral resources of wilderness study areas--the Cockscomb region, Utah ;
ch. A. Studies related to wilderness--Bureau of Land Management wilderness study areas. U.S. Geological Survey bulletin ; 1748-A. |
| Subjects: | |
| Online Access: | https://purl.fdlp.gov/GPO/gpo64588 |
MARC
| Tag | First Indicator | Second Indicator | Subfields |
|---|---|---|---|
| LEADER | 00000cam a2200000 i 4500 | ||
| 001 | in00003605313 | ||
| 005 | 20211120173811.0 | ||
| 006 | m o d f | ||
| 007 | cr mn||||||||| | ||
| 008 | 140829s1990 vauabf ob f000 0 eng c | ||
| 035 | |a (OCoLC)ocn889600413 | ||
| 040 | |a COP |b eng |e rda |e pn |c COP |d OCLCO |d OCLCF |d TRAAL |d GPO |d MvI |d UtOrBLW | ||
| 042 | |a pcc | ||
| 043 | |a n-us-ut | ||
| 049 | |a WWW | ||
| 074 | |a 0620 (online) | ||
| 086 | 0 | |a I 19.3:1748-A | |
| 100 | 1 | |a Bell, Henry, |d 1923- |e author. |0 http://id.loc.gov/authorities/names/n50006512 | |
| 245 | 1 | 0 | |a Mineral resources of the Cockscomb and Wahweap wilderness study areas, Kane County, Utah / |c by Henry Bell III [and three others]. |
| 264 | 1 | |a [Reston, Va.] : |b Department of the Interior, U.S. Geological Survey, |c 1990. | |
| 264 | 2 | |a [Washington, D.C.] : |b United States Government Printing Office | |
| 300 | |a 1 online resource (vi, 18 pages, 1 page of plates) : |b illustrations, maps. | ||
| 336 | |a text |b txt |2 rdacontent | ||
| 337 | |a computer |b c |2 rdamedia | ||
| 338 | |a online resource |b cr |2 rdacarrier | ||
| 490 | 1 | |a Mineral resources of wilderness study areas--the Cockscomb region, Utah ; |v ch. A | |
| 490 | 1 | |a Studies related to wilderness--Bureau of Land Management Wilderness study areas | |
| 490 | 1 | |a U.S. Geological Survey bulletin ; |v 1748-A | |
| 500 | |a Title from title screen (viewed Aug. 20, 2014). | ||
| 504 | |a Includes bibliographical references. | ||
| 650 | 0 | |a Mines and mineral resources |z Utah |z Cockscomb Wilderness. | |
| 650 | 0 | |a Mines and mineral resources |z Utah |z Wahweap Wilderness. | |
| 650 | 7 | |a Mines and mineral resources. |2 fast |0 (OCoLC)fst01022541 | |
| 651 | 0 | |a Cockscomb Wilderness (Utah) |0 http://id.loc.gov/authorities/subjects/sh90000439 | |
| 651 | 0 | |a Wahweap Wilderness (Utah) |0 http://id.loc.gov/authorities/subjects/sh90000441 | |
| 651 | 7 | |a Utah |z Cockscomb Wilderness. |2 fast |0 (OCoLC)fst01254339 | |
| 651 | 7 | |a Utah |z Wahweap Wilderness. |2 fast |0 (OCoLC)fst01254340 | |
| 710 | 2 | |a Geological Survey (U.S.), |e issuing body. |0 http://id.loc.gov/authorities/names/n80092173 | |
| 776 | 0 | 8 | |i Print version: |t Mineral resources of the Cockscomb and Wahweap wilderness study areas, Kane County, Utah |w (DLC) 90002842 |w (OCoLC)21077883 |
| 830 | 0 | |a Mineral resources of wilderness study areas--the Cockscomb region, Utah ; |v ch. A. |0 http://id.loc.gov/authorities/names/no90001496 | |
| 830 | 0 | |a Studies related to wilderness--Bureau of Land Management wilderness study areas. |0 http://id.loc.gov/authorities/names/n88525682 | |
| 830 | 0 | |a U.S. Geological Survey bulletin ; |v 1748-A. |0 http://id.loc.gov/authorities/names/n83720325 | |
| 856 | 4 | 0 | |u https://purl.fdlp.gov/GPO/gpo64588 |t 0 |
| 999 | f | f | |s 2e90303a-9dfc-37ba-97d7-9cbe9c956bab |i aacd9737-7b23-35af-9a3f-a15ecaae0cff |t 0 |
| 952 | f | f | |a Texas A&M University |b College Station |c Electronic Resources |d Available Online |t 0 |e I 19.3:1748-A |h Superintendent of Documents classification |
| 998 | f | f | |a I 19.3:1748-A |t 0 |l Available Online |